Vibration problems in geotechnical engineering : (Registro nro. 22829)

Detalles MARC
000 -Cabecera
Campo de control interno 00602nam a2200181Ia 4500
005 - Fecha y hora del registro
control field 20260414150856.0
008 - Elementos de Longitud Fija
fixed length control field 260414t1985||||xx |||||||||||||| ||spa||
041 ## - Idioma
Codigo Idioma ESP
082 ## - DEWEY y NOTACIÓN INTERNA
Dewey 624.151
Notación Interna G33
100 ## - AUTOR
Autor denominación Gazetas, George
Término de relación autor
245 #0 - TÍTULO DE MATERIAL BIBLIOGRÁFICO
Título Vibration problems in geotechnical engineering :
Título paralelo proceedings of a symposium sponsored by the Geotechnical Engineering Division in conjunction with the ASCE Convention in Detroit, Michigan, October 22, 1985
260 ## - CIUDAD, EDITORIAL, AÑO
Año 1985
300 ## - DESCRIPCIÓN
N° Páginas v, 303 páginas :
Dimensiones 22 cm.
650 ## - TEMAS
Temas
654 ## - PROGRAMAS
Programa Dpto. de Ingeniería Civil
942 ## - ELEMENTOS DE KOHA
Tipo de documento Libro
Nombre del creador Justo Noguera
Código de catalogador Justo Noguera
Esquema de clasificación Dewey Decimal Classification
Suppress in OPAC
Existencias
Codigo completo Registro Colección Copia número Disponibilidad Tipo de préstamo Biblioteca Actual Procedencia (Biblioteca) Ubicacón Fecha Ingreso Tipo de Adquisición Date last seen Total checkouts Price effective from Tipo de Item Estado del Material Damaged status Withdrawn status
624.151 G33 1072473 Universidad Católica San Pablo 1 Disponible Disponible Víctor Andrés Belaunde Víctor Andrés Belaunde Segundo piso 14/04/2026 Donación 14/04/2026   14/04/2026 Libro Bueno